| 000 | 00527cam a2200157 4500500 | ||
|---|---|---|---|
| 005 | 20260405003921.0 | ||
| 041 | _afre | ||
| 042 | _adc | ||
| 100 | 1 | 0 |
_aDreyfus, Arthur _eauthor |
| 245 | 0 | 0 | _a“Vivre enfin”, de François Jullien : il suffit d’oser ! |
| 260 | _c2025. | ||
| 500 | _a83 | ||
| 690 | _aFrançois Jullien | ||
| 786 | 0 | _nPhilosophie magazine | 189 | 5 | 2025-05-01 | p. 54-54 | 1951-1787 | |
| 856 | 4 | 1 | _uhttps://shs.cairn.info/magazine-philosophie-magazine-2025-5-page-54?lang=fr&redirect-ssocas=7080 |
| 999 |
_c2072078 _d2072078 |
||